Partnerstvo verejného a súkromného sektora vo vybraných krajinách strednej a východnej Európy

Definícia a druhy partnerstva verejného a súkromného sektora. Využitie partnerstva pre rozvoj infraštruktúry v krajinách strednej a východnej Európy a pri výstavbe diaľnic v krajinách severovýchodnej Európy. Výhody a riziká verejného a súkromného partnerstva.

Salvato in:
Dettagli Bibliografici
Autore principale: Kačírková, Mária
Natura: Capitolo di libro
Lingua:slovacco
Soggetti:
Tags: Aggiungi Tag
Nessun Tag, puoi essere il primo ad aggiungerne!!

MARC

LEADER 00000naa$a2200000$$$4500
001 0053021
005 20231102110827.2
041 0 |a slo 
044 |a SK 
245 1 0 |a Partnerstvo verejného a súkromného sektora vo vybraných krajinách strednej a východnej Európy  |c Mária Kačírková 
520 |a Definícia a druhy partnerstva verejného a súkromného sektora. Využitie partnerstva pre rozvoj infraštruktúry v krajinách strednej a východnej Európy a pri výstavbe diaľnic v krajinách severovýchodnej Európy. Výhody a riziká verejného a súkromného partnerstva. 
610 2 0 |a partnerstvo verejno-súkromné 
610 2 0 |a Európa 
610 2 0 |a efektívnosť práce 
610 2 0 |a riziko 
610 2 0 |a infraštruktúra 
610 2 0 |a realizácia výstavby 
610 2 0 |a investície 
610 2 0 |a formy organizačné 
100 1 |a Kačírková, Mária